| 000 | 00545nam a2200181 a 4500 | ||
|---|---|---|---|
| 005 | 20140414093832.0 | ||
| 008 | 020926s19uu xx 00 eng d | ||
| 050 |
_aVHS 900 _bOR 20 |
||
| 100 | _aTime Life | ||
| 245 |
_aMaya _bthe blood of kings |
||
| 260 |
_aSingapore _bTime Life Asia _cc1995 |
||
| 300 | _a48 mins. | ||
| 500 | _anarrated by Sam Waterston | ||
| 520 | _aA.D. 650 Europe Languishes in the Dark Ages; London is little more than a pestilent jumble of wooden shacks. | ||
| 650 | _aHistory | ||
| 942 | _cAVM | ||
| 999 |
_c108805 _d108805 |
||